000
00507nam a2200133Ia 4500
008
100328s9999 xx 000 0 und d
082
_b
39692
100
_a
भातखंडे विष्णु नारायण
245
_a
हिंदुस्थानी संगीत पदती
260
_b
पॉप्युलर
630
_a
हिंदुस्थानी संगीत पदती
730
_a
हिंदुस्थानी संगीत पदती
942
_c
BOOK
999
_c
528580
_d
528577